Guide to Patterns and usage in English (Record no. 16875)
[ view plain ]
| 000 -LEADER | |
|---|---|
| fixed length control field | 00409nam a2200169Ia 4500 |
| 003 - CONTROL NUMBER IDENTIFIER | |
| control field | OSt |
| 005 - DATE AND TIME OF LATEST TRANSACTION | |
| control field | 20240314112027.0 |
| 008 - FIXED-LENGTH DATA ELEMENTS--GENERAL INFORMATION | |
| fixed length control field | 170619s9999 xx 000 0 und d |
| 020 ## - INTERNATIONAL STANDARD BOOK NUMBER | |
| International Standard Book Number | 9790195622729 |
| 040 ## - CATALOGING SOURCE | |
| Transcribing agency | IIMT ENGINEERING COLLEGE |
| 100 ## - MAIN ENTRY--PERSONAL NAME | |
| Personal name | Kapoor J N |
| 245 #0 - TITLE STATEMENT | |
| Title | Guide to Patterns and usage in English |
| 260 ## - PUBLICATION, DISTRIBUTION, ETC. | |
| Name of publisher, distributor, etc. | Oxford Uni. Press |
| 260 ## - PUBLICATION, DISTRIBUTION, ETC. | |
| Date of publication, distribution, etc. | 1954 |
| 546 ## - LANGUAGE NOTE | |
| Language note | ENGLISH |
| 942 ## - ADDED ENTRY ELEMENTS (KOHA) | |
| Source of classification or shelving scheme | |
| Koha item type | Book Bank |
| Withdrawn status | Lost status | Source of classification or shelving scheme | Damaged status | Not for loan | Home library | Current library | Date acquired | Source of acquisition | Total Checkouts | Barcode | Date last seen | Price effective from | Koha item type |
|---|---|---|---|---|---|---|---|---|---|---|---|---|---|
| IIMT Engineering College-BTech | IIMT Engineering College-BTech | 10/17/2003 | 22 | 06-B-6343 | 07/03/2017 | 07/03/2017 | Text-Book- for 7 days | ||||||
| IIMT Engineering College-BTech | IIMT Engineering College-BTech | 10/17/2003 | 22 | 06-B-6344 | 07/03/2017 | 07/03/2017 | Text-Book- for 7 days | ||||||
| IIMT Engineering College-BTech | IIMT Engineering College-BTech | 10/17/2003 | 22 | 06-B-6345 | 07/03/2017 | 07/03/2017 | Text-Book- for 7 days | ||||||
| IIMT Engineering College-BTech | IIMT Engineering College-BTech | 10/17/2003 | 22 | 06-B-6346 | 07/03/2017 | 07/03/2017 | Text-Book- for 7 days |

